000 00460nam a2200169 a 4500
005 20140414131915.0
008 100930s19uu xx 00 eng d
020 _a0895774720
050 _aM 232.9'01
_bS84 1993
245 _aStory of Jesus(The).
260 _aUSA :
_bThe Readers Digest Association, Inc,
_c1993.
300 _a383
440 _aHello God! 2
650 _aJesus Christ-
_xpopular works.
650 _aJesus Christ-
_xart.
999 _c111427
_d111427